000 00503nam a2200181Ia 4500
005 20230609102713.0
008 131103s9999 xx 000 0 und d
040 _aLoreto College
041 _aEnglish
082 _a808.8
_bCER
245 _aSixteen Famous European Plays
_cCompiled by Bennett A. Cerf & van H. cartmell
260 _aNew York
_bThe modern library
_c[19?]
300 _a1052p.
650 _aEnglish literature
700 _aCerr, Bennett A; com.
850 _aLCLIB
942 _cBK
999 _c20889
_d71368